Los fichajes más caros del fútbol - Laterales derechos - 2014-2015 - Estadísticas

Estadísticas generales
  • Esta prueba ha sido intentada 9 veces
  • La puntuación promedio es 2 de 9
Estadísticas de respuestas
Coste (M €) Nacionalidad Último club Nuevo club Jugador % Correcto
15,00 Francia Newcastle United Arsenal Mathieu Debuchy
63%
4,00 Brasil São Paulo FC Barcelona Douglas
50%
3,17 Colombia Atlético Nacional Monterrey Stefan Medina
25%
6,00 Países Bajos Feyenoord Newcastle United Daryl Janmaat
13%
2,60 Estados Unidos Seattle Tottenham DeAndre Yedlin
13%
2,75 Argentina Catania Boca Juniors Gino Peruzzi
13%
6,60 Inglaterra Tottenham Swansea City Kyle Naughton
13%
5,50 Países Bajos Génova Sassuolo Sime Vrsaljko
13%
4,75 Alemania / Turquía Eskisehirspor Galatasaray Tarık Çamdal
13%
No se encontraron pruebas coincidentes
Distribución de puntuación
Porcentaje de gente con cada puntuación
Porcentaje por número respondido
Historial de tus puntuaciones
No has intentado esta prueba.